[Event "Mittelrhein Verbandsliga-O 15/16"]
[Site "Nordrheinwestfalen"]
[Date "2015.12.13"]
[Round "5"]
[White "Kohlhas, Christopher"]
[Black "Auschkalnis, Reinhard"]
[Result "1/2-1/2"]
[WhiteElo "1842"]
[BlackElo "1688"]
[PlyCount "88"]
[EventDate "2015.09.06"]
[EventType "team-tourn"]
[EventRounds "11"]
[EventCountry "GER"]
[SourceTitle "EXT 2022"]
[Source "ChessBase"]
[SourceDate "2021.10.06"]
[SourceVersion "1"]
[SourceVersionDate "2021.10.06"]
[SourceQuality "1"]
[WhiteTeam "Rheinbacher SF"]
[BlackTeam "Bonn Beuel II"]
[WhiteTeamCountry "GER"]
[BlackTeamCountry "GER"]

1. d4 Nf6 2. c4 e6 3. Nf3 c5 4. d5 b5 5. Bg5 b4 6. e4 d6 7. Nbd2 Be7 8. Bf4 e5 9. Bg3 0-0 10. h3 Ne8 11. Bd3 f5 12. Bh2 f4 13. g4 fxg3 14. Bxg3 g6 15. Nf1 Bg5 16. h4 Bh6 17. N1h2 Ng7 18. a3 Nh5 19. axb4 cxb4 20. c5 Nxg3 21. fxg3 dxc5 22. d6 Be6 23. Ba6 Qb6 24. Qe2 Nd7 25. Rd1 b3 26. Qb5 Rab8 27. Qxb6 Rxb6 28. Be2 Kg7 29. Ng5 Bxg5 30. hxg5 Rb4 31. Bd3 Rd4 32. Bb1 Nb6 33. Rxd4 cxd4 34. Rf1 Rxf1+ 35. Kxf1 Nc4 36. Nf3 Kf8 37. Bd3 Ne3+ 38. Ke1 Bc4 39. Nxe5 Bxd3 40. Nxd3 Nc4 41. e5 Ke8 42. Ke2 Kd8 43. Kd1 Kc8 44. Ke2 Kd8 1/2-1/2

[Event "Cologne Longerich op-B 11th"]
[Site "Cologne"]
[Date "2014.08.01"]
[Round "1"]
[White "Mersch, Peter Daniel"]
[Black "Auschkalnis, Reinhard"]
[Result "0-1"]
[WhiteElo "1542"]
[BlackElo "1688"]
[PlyCount "96"]
[EventDate "2014.08.01"]
[EventType "swiss"]
[EventRounds "5"]
[EventCountry "GER"]
[SourceTitle "EXT 2022"]
[Source "ChessBase"]
[SourceDate "2021.10.06"]
[SourceVersion "1"]
[SourceVersionDate "2021.10.06"]
[SourceQuality "1"]

1. e4 c6 2. d4 d5 3. Nc3 dxe4 4. Nxe4 Bf5 5. Ng3 Bg6 6. Nf3 Nd7 7. h4 h6 8. Bc4 Ngf6 9. c3 e6 10. Qe2 Be7 11. Be3 0-0 12. Bd3 Bxd3 13. Qxd3 c5 14. Ne2 cxd4 15. Bxd4 Qc7 16. 0-0-0 e5 17. Nxe5 Nxe5 18. Qe3 Nc6 19. f3 Nxd4 20. Nxd4 Bc5 21. Rdg1 Rad8 22. Kb1 Qb6 23. Rd1 Rfe8 24. Qd2 Bxd4 25. cxd4 Rd5 26. g4 Red8 27. g5 Rxd4 28. Qc2 Rxd1+ 29. Rxd1 Rxd1+ 30. Qxd1 hxg5 31. hxg5 Nh5 32. a3 Qg6+ 33. Ka2 Qxg5 34. Qd7 Nf6 35. Qxb7 Qd5+ 36. Qxd5 Nxd5 37. b4 Kf8 38. Kb3 Ke7 39. Kc4 Kd6 40. a4 f5 41. Kb5 Nc7+ 42. Kc4 g5 43. Kd4 Ne6+ 44. Ke3 Kd5 45. Kd3 Nd4 46. b5 Nxf3 47. a5 Ne5+ 48. Ke3 Nc4+ 0-1

[Event "Bad Godesberg op 17th"]
[Site "Bad Godesberg"]
[Date "2013.08.06"]
[Round "4"]
[White "Wahl, Frithjof"]
[Black "Auschkalnis, Reinhard"]
[Result "1-0"]
[WhiteElo "2060"]
[BlackElo "1809"]
[PlyCount "65"]
[EventDate "2013.08.03"]
[EventType "swiss"]
[EventRounds "9"]
[EventCountry "GER"]
[SourceTitle "CBM 155 Extra"]
[Source "ChessBase"]
[SourceDate "2013.08.26"]
[SourceVersion "1"]
[SourceVersionDate "2013.08.26"]
[SourceQuality "1"]

1. e4 c5 2. Nf3 a6 3. d4 cxd4 4. Nxd4 Nf6 5. Nc3 Qc7 6. Be3 d6 7. Be2 e6 8. f4 e5 9. Nb3 Nbd7 10. 0-0 Be7 11. f5 b6 12. Bf3 Bb7 13. Qd2 0-0 14. g4 Nc5 15. Nxc5 dxc5 16. g5 Rfd8 17. Qg2 Ne8 18. f6 Bf8 19. fxg7 Nxg7 20. Bg4 b5 21. Rf2 b4 22. Nd5 Bxd5 23. exd5 Ra7 24. c4 bxc3 25. bxc3 Qd6 26. c4 Rb8 27. Rf6 Qd8 28. Raf1 Ne8 29. R6f2 Ng7 30. Qe4 Qd6 31. Rf6 Qe7 32. Rh6 f5 33. gxf6 1-0

[Event "Bad Godesberg op 16th"]
[Site "Bad Godesberg"]
[Date "2012.07.13"]
[Round "7"]
[White "Auschkalnis, Reinhard"]
[Black "Florstedt, Johannes"]
[Result "0-1"]
[WhiteElo "1841"]
[BlackElo "2071"]
[PlyCount "78"]
[EventDate "2012.07.07"]
[EventType "swiss"]
[EventRounds "9"]
[EventCountry "GER"]
[SourceTitle "CBM 149 Extra"]
[Source "ChessBase"]
[SourceDate "2012.08.24"]
[SourceVersion "1"]
[SourceVersionDate "2012.08.24"]
[SourceQuality "1"]

1. e4 e6 2. d4 d5 3. e5 c5 4. c3 Nc6 5. Nf3 Bd7 6. Bd3 cxd4 7. cxd4 Qb6 8. 0-0 Nxd4 9. Nxd4 Qxd4 10. Qe2 Ne7 11. Bb5 Nc6 12. Bxc6 Bxc6 13. Nd2 Be7 14. Nf3 Qc4 15. Qd1 0-0 16. a3 Ba4 17. Qd4 Bc5 18. Qxc4 dxc4 19. Bf4 Rfd8 20. Rac1 b5 21. h3 Rd3 22. Bg3 Rad8 23. Kh2 h6 24. h4 a5 25. Rfe1 c3 26. Rxc3 Rxc3 27. bxc3 Bxa3 28. Re4 Rc8 29. Bf4 Bb2 30. Bd2 Bb3 31. c4 bxc4 32. Bxa5 c3 33. Bb6 c2 34. Be3 c1Q 35. Bxc1 Bxc1 36. Rb4 Bd5 37. Kg3 g6 38. Ra4 Rc4 39. Ra7 Bf4+ 0-1

[Event "Bad Woerishofen op 28th"]
[Site "Bad Woerishofen"]
[Date "2012.03.05"]
[Round "4"]
[White "Auschkalnis, Reinhard"]
[Black "Valet, Richard"]
[Result "1/2-1/2"]
[WhiteElo "1822"]
[BlackElo "2012"]
[PlyCount "47"]
[EventDate "2012.03.02"]
[EventType "swiss"]
[EventRounds "9"]
[EventCountry "GER"]
[SourceTitle "EXT 2019"]
[Source "ChessBase"]
[SourceDate "2018.10.10"]
[SourceVersion "1"]
[SourceVersionDate "2018.10.10"]
[SourceQuality "1"]

1. e4 c5 2. Nc3 Nc6 3. f4 g6 4. Nf3 Bg7 5. Bb5 Nd4 6. 0-0 Nxb5 7. Nxb5 a6 8. Nc3 e6 9. Qe1 Ne7 10. d3 d5 11. e5 b5 12. a3 h5 13. h3 Qb6 14. Qf2 Rb8 15. Bd2 Bd7 16. b4 cxb4 17. Qxb6 Rxb6 18. axb4 Nf5 19. Ne2 f6 20. d4 h4 21. Kh2 Ke7 22. c3 Ra8 23. Ra5 Bc8 24. Rfa1 1/2-1/2

[Event "Bad Godesberg op 15th"]
[Site "Bad Godesberg"]
[Date "2011.07.30"]
[Round "8"]
[White "Auschkalnis, Reinhard"]
[Black "Bauer, Mirko"]
[Result "1/2-1/2"]
[WhiteElo "1577"]
[BlackElo "1703"]
[PlyCount "67"]
[EventDate "2011.07.23"]
[EventType "swiss"]
[EventRounds "9"]
[EventCountry "GER"]
[SourceTitle "EXT 2017"]
[Source "ChessBase"]
[SourceDate "2016.10.25"]
[SourceVersion "1"]
[SourceVersionDate "2016.10.25"]
[SourceQuality "1"]

1. e4 c5 2. Nc3 Nc6 3. Bb5 d6 4. Bxc6+ bxc6 5. d3 e5 6. Nf3 Be7 7. 0-0 Nf6 8. h3 0-0 9. Bg5 Rb8 10. b3 h6 11. Bh4 Nh7 12. Bxe7 Qxe7 13. Qd2 f5 14. exf5 Bxf5 15. Nh2 Ng5 16. f4 exf4 17. Rae1 Qd7 18. Rxf4 Ne6 19. Rff1 Nd4 20. Ne2 Rbe8 21. Nxd4 cxd4 22. Qf2 c5 23. Rxe8 Qxe8 24. Re1 Qd7 25. Qe2 Rf7 26. Nf3 g5 27. Nd2 Kf8 28. Nc4 Re7 29. Qxe7+ Qxe7 30. Rxe7 Kxe7 31. g4 Be6 32. Nd2 Kf6 33. Kf2 d5 34. Kg3 1/2-1/2

[Event "Rhein Main op-A 14th"]
[Site "Bad Homburg"]
[Date "2011.06.24"]
[Round "4"]
[White "Auschkalnis, Reinhard"]
[Black "Boeddeker, Henry"]
[Result "0-1"]
[WhiteElo "1833"]
[BlackElo "1662"]
[PlyCount "122"]
[EventDate "2011.06.22"]
[EventType "swiss"]
[EventRounds "7"]
[EventCountry "GER"]
[SourceTitle "EXT 2012"]
[Source "ChessBase"]
[SourceDate "2011.11.24"]
[SourceVersion "1"]
[SourceVersionDate "2011.11.24"]
[SourceQuality "1"]

1. d4 d5 2. c4 c6 3. Nf3 Nf6 4. g3 Bf5 5. Bg2 e6 6. 0-0 Nbd7 7. b3 Be7 8. Nbd2 0-0 9. Nh4 Bg6 10. Nxg6 hxg6 11. Bb2 Rc8 12. cxd5 cxd5 13. a3 Qb6 14. Rc1 Rc7 15. Rxc7 Qxc7 16. Qc1 Rc8 17. Qxc7 Rxc7 18. Rc1 Rxc1+ 19. Bxc1 b5 20. Bb2 Kf8 21. f3 Ke8 22. Kf2 Kd8 23. e3 Kc7 24. Bf1 Kc6 25. Bd3 a5 26. h3 Nb6 27. g4 a4 28. b4 Nc4 29. Bxc4 dxc4 30. e4 g5 31. Nb1 Bd8 32. Bc1 Bb6 33. Be3 Ne8 34. Nc3 Nc7 35. Ke2 Kd6 36. Kd2 f6 37. f4 gxf4 38. Bxf4+ e5 39. dxe5+ fxe5 40. Be3 Bd4 41. Ne2 Bb2 42. Kc2 Bxa3 43. Bc5+ Ke6 44. Nc3 Na6 45. Bf8 Bxb4 46. Bxg7 Bxc3 47. Kxc3 Nc5 48. Bf8 Nxe4+ 49. Kb4 Nf2 50. Kxb5 c3 51. Kxa4 c2 52. Bh6 Nd3 53. Kb3 c1Q 54. Bxc1 Nxc1+ 55. Kc4 Ne2 56. h4 Nf4 57. h5 Kf6 58. Kc5 Kg5 59. Kd6 e4 60. Ke5 e3 61. h6 e2 0-1

[Event "Rhein Main op-A 14th"]
[Site "Bad Homburg"]
[Date "2011.06.23"]
[Round "3"]
[White "Gilles, Jean Claude"]
[Black "Auschkalnis, Reinhard"]
[Result "1-0"]
[WhiteElo "1975"]
[BlackElo "1833"]
[PlyCount "59"]
[EventDate "2011.06.22"]
[EventType "swiss"]
[EventRounds "7"]
[EventCountry "GER"]
[SourceTitle "EXT 2012"]
[Source "ChessBase"]
[SourceDate "2011.11.24"]
[SourceVersion "1"]
[SourceVersionDate "2011.11.24"]
[SourceQuality "1"]

1. d4 c5 2. d5 e5 3. g3 d6 4. Bg2 Be7 5. c4 Bg5 6. e3 f5 7. Ne2 Bf6 8. Nbc3 g6 9. e4 Ne7 10. 0-0 0-0 11. Bh6 Bg7 12. Bxg7 Kxg7 13. f4 exf4 14. Nxf4 Kh8 15. Qd2 fxe4 16. Nxe4 Nf5 17. Qc3+ Kg8 18. Rae1 Nd4 19. Ne2 Rxf1+ 20. Bxf1 Nxe2+ 21. Rxe2 Bf5 22. Nf6+ Kf7 23. Nxh7 Nd7 24. h4 Ne5 25. Ng5+ Kg8 26. Rf2 Qd7 27. Rf4 Rf8 28. Be2 Ng4 29. Bxg4 Bxg4 30. Rxf8+ 1-0

[Event "Rhein Main op-A 14th"]
[Site "Bad Homburg"]
[Date "2011.06.22"]
[Round "1"]
[White "Auschkalnis, Reinhard"]
[Black "Brendel, Bergit"]
[Result "0-1"]
[WhiteElo "1833"]
[BlackElo "2084"]
[PlyCount "100"]
[EventDate "2011.06.22"]
[EventType "swiss"]
[EventRounds "7"]
[EventCountry "GER"]
[SourceTitle "EXT 2012"]
[Source "ChessBase"]
[SourceDate "2011.11.24"]
[SourceVersion "1"]
[SourceVersionDate "2011.11.24"]
[SourceQuality "1"]

1. d4 d5 2. c4 Nc6 3. Nf3 Bg4 4. e3 e5 5. dxe5 dxc4 6. Qxd8+ Rxd8 7. Bxc4 Bb4+ 8. Bd2 Nge7 9. a3 Bxf3 10. gxf3 Bxd2+ 11. Nxd2 Nxe5 12. Be2 0-0 13. f4 Nd3+ 14. Bxd3 Rxd3 15. Ke2 Rfd8 16. Rhd1 c5 17. Nc4 Rxd1 18. Rxd1 Rxd1 19. Kxd1 Nd5 20. Kd2 g6 21. Nd6 b6 22. Kd3 a6 23. h3 b5 24. Ke4 Nb6 25. b3 Kf8 26. Kd3 Ke7 27. Ne4 c4+ 28. Kc3 Ke6 29. Nc5+ Kd5 30. Nxa6 Ke4 31. Nc7 Kf3 32. Nxb5 cxb3 33. Nd4+ Kxf2 34. e4 Kg3 35. Nxb3 Kxf4 36. Kd4 h5 37. Nc5 Kg3 38. Nd3 Kxh3 39. Ne5 g5 40. Ke3 f6 41. Nd3 Nc4+ 42. Kf2 Nxa3 43. Ne1 Nc4 44. Nf3 Ne5 45. Ng1+ Kg4 46. Ne2 h4 47. Kg2 Ng6 48. Kf2 Nf4 49. Nd4 Nd3+ 50. Kg2 Kf4 0-1

[Event "Griesheim op"]
[Site "Griesheim"]
[Date "2011.05.??"]
[Round "1"]
[White "Schild, Christoph"]
[Black "Auschkalnis, Reinhard"]
[Result "1-0"]
[WhiteElo "2291"]
[BlackElo "1845"]
[PlyCount "59"]
[EventDate "2011.05.??"]
[EventType "swiss"]
[EventRounds "5"]
[EventCountry "GER"]
[SourceTitle "CBM 142 Extra"]
[Source "ChessBase"]
[SourceDate "2011.06.27"]
[SourceVersion "1"]
[SourceVersionDate "2011.06.27"]
[SourceQuality "1"]

1. c4 c5 2. g3 g6 3. Bg2 Bg7 4. Nf3 Nc6 5. 0-0 e6 6. Nc3 Rb8 7. d4 cxd4 8. Nb5 d6 9. Nfxd4 Nge7 10. Nxc6 bxc6 11. Nxd6+ Kf8 12. Bg5 f6 13. Be3 Rxb2 14. Bc5 Kg8 15. Nf5 Rd2 16. Nxe7+ Kf7 17. Qa4 Bf8 18. Nxc6 Qc7 19. Bxf8 Rxf8 20. Qxa7 Qxa7 21. Nxa7 Ba6 22. Rfd1 Rxe2 23. c5 Rc2 24. Rac1 Rxa2 25. Rd7+ Kg8 26. Nc6 Bb5 27. Re7 Bxc6 28. Bxc6 e5 29. Bd5+ Kh8 30. Bxa2 1-0

[Event "Karl Mala Memorial op 11th"]
[Site "Frankfurt"]
[Date "2008.06.29"]
[Round "6"]
[White "Auschkalnis, Reinhard"]
[Black "Dahlbeck, Mirko"]
[Result "1-0"]
[WhiteElo "1888"]
[BlackElo "1658"]
[PlyCount "53"]
[EventDate "2008.06.26"]
[EventType "swiss"]
[EventRounds "7"]
[EventCountry "GER"]
[SourceTitle "CBM 125 Extra"]
[Source "ChessBase"]
[SourceDate "2008.09.01"]
[SourceVersion "1"]
[SourceVersionDate "2008.09.01"]
[SourceQuality "1"]

1. d4 e6 2. c4 d5 3. g3 Nf6 4. Bg2 Nbd7 5. Nf3 b6 6. 0-0 Bb7 7. Ne5 Nxe5 8. dxe5 Ne4 9. Qc2 Bc5 10. e3 f6 11. b4 Bxb4 12. Qa4+ c6 13. Qxb4 fxe5 14. Bb2 Qd7 15. Bxe5 c5 16. Qb2 0-0 17. Na3 Rad8 18. Rad1 Qe7 19. f4 Rd7 20. Rd3 g6 21. Rfd1 Nf6 22. Nb5 Bc6 23. cxd5 exd5 24. Bh3 Rdd8 25. Nxa7 Qxa7 26. Bxf6 Ra8 27. Be6+ 1-0

[Event "Karl Mala Memorial op 11th"]
[Site "Frankfurt"]
[Date "2008.06.28"]
[Round "4"]
[White "Auschkalnis, Reinhard"]
[Black "Storch, Dominik"]
[Result "1-0"]
[WhiteElo "1888"]
[BlackElo "1627"]
[PlyCount "55"]
[EventDate "2008.06.26"]
[EventType "swiss"]
[EventRounds "7"]
[EventCountry "GER"]
[SourceTitle "CBM 125 Extra"]
[Source "ChessBase"]
[SourceDate "2008.09.01"]
[SourceVersion "1"]
[SourceVersionDate "2008.09.01"]
[SourceQuality "1"]

1. d4 d5 2. c4 e6 3. g3 c6 4. Bg2 a6 5. c5 e5 6. dxe5 Bxc5 7. Nf3 Bg4 8. Nbd2 Nd7 9. 0-0 Ne7 10. Qa4 Bh5 11. Nb3 Bxf3 12. exf3 Ba7 13. Qg4 0-0 14. f4 Kh8 15. Bh3 f5 16. Qe2 c5 17. Bg2 Rc8 18. Rd1 Nb8 19. Be3 Rc7 20. Rac1 d4 21. Qc2 Qc8 22. Bxd4 Nd7 23. Be3 b6 24. Nd4 cxd4 25. Qxc7 Qxc7 26. Rxc7 Bb8 27. Rxd7 dxe3 28. Rxe7 1-0

[Event "Bad Woerishofen op 24th"]
[Site "Bad Woerishofen"]
[Date "2008.03.07"]
[Round "9"]
[White "Von Saldern, Ruediger"]
[Black "Auschkalnis, Reinhard"]
[Result "1/2-1/2"]
[WhiteElo "1927"]
[BlackElo "1685"]
[PlyCount "47"]
[EventDate "2008.02.28"]
[EventType "swiss"]
[EventRounds "9"]
[EventCountry "GER"]
[SourceTitle "EXT 2022"]
[Source "ChessBase"]
[SourceDate "2021.10.06"]
[SourceVersion "1"]
[SourceVersionDate "2021.10.06"]
[SourceQuality "1"]

1. d4 Nf6 2. Nf3 g6 3. Bg5 Bg7 4. e3 d5 5. c4 c6 6. Bxf6 Bxf6 7. Nc3 e6 8. Qb3 Nd7 9. Be2 0-0 10. 0-0 b6 11. Rfd1 Ba6 12. Rac1 Qe7 13. Qa4 Bb7 14. cxd5 exd5 15. Ba6 b5 16. Qa5 Nb6 17. Bxb7 Qxb7 18. Ne2 Nc4 19. Qc3 Rac8 20. b3 b4 21. Qe1 Nd6 22. Ng3 a5 23. Rc5 Nb5 24. Ne2 1/2-1/2

[Event "Bad Woerishofen op 24th"]
[Site "Bad Woerishofen"]
[Date "2008.03.02"]
[Round "4"]
[White "Auschkalnis, Reinhard"]
[Black "Klein, Gereon"]
[Result "0-1"]
[WhiteElo "1685"]
[BlackElo "1827"]
[PlyCount "144"]
[EventDate "2008.02.28"]
[EventType "swiss"]
[EventRounds "9"]
[EventCountry "GER"]
[SourceTitle "EXT 2022"]
[Source "ChessBase"]
[SourceDate "2021.10.06"]
[SourceVersion "1"]
[SourceVersionDate "2021.10.06"]
[SourceQuality "1"]

1. d4 d5 2. Nf3 Nf6 3. c4 e6 4. g3 Bb4+ 5. Bd2 Qe7 6. a3 Bxd2+ 7. Nbxd2 0-0 8. Bg2 c6 9. 0-0 Nbd7 10. Re1 e5 11. e4 dxe4 12. Nxe4 Nxe4 13. Rxe4 f5 14. Re1 e4 15. Nd2 Qf6 16. Nf1 Nb6 17. c5 Nd5 18. Ne3 Be6 19. Qd2 Rad8 20. Rad1 f4 21. Nc4 Bg4 22. Bxe4 Bxd1 23. Rxd1 Qh6 24. Ne5 fxg3 25. hxg3 Qxd2 26. Rxd2 Nf6 27. Bg2 Rfe8 28. f4 Nd5 29. Kf2 g6 30. Bf3 Kg7 31. Nc4 Re7 32. Nd6 Nf6 33. d5 cxd5 34. Bxd5 Nxd5 35. Rxd5 Red7 36. b4 Kf6 37. g4 h6 38. g5+ hxg5 39. fxg5+ Ke6 40. Rd3 Rxd6 41. cxd6 Rxd6 42. Rf3 Ke5 43. Kg3 a5 44. bxa5 Ra6 45. Kf2 Rxa5 46. Rb3 Kf4 47. Rxb7 Rxa3 48. Rb4+ Kxg5 49. Kg2 Kh5 50. Rb1 g5 51. Rb8 g4 52. Rb7 Ra2+ 53. Kg1 Rd2 54. Rb4 Kh4 55. Ra4 Kh3 56. Kf1 Kg3 57. Ra8 Rc2 58. Rf8 Rc1+ 59. Ke2 Rc4 60. Kf1 Rc3 61. Rg8 Rc1+ 62. Ke2 Kh3 63. Rh8+ Kg2 64. Rg8 g3 65. Rg6 Rc2+ 66. Kd1 Ra2 67. Rg8 Kf2 68. Rf8+ Kg1 69. Rg8 g2 70. Rg7 Ra5 71. Rg8 Rh5 72. Rg7 Kh2 0-1

[Event "Bad Woerishofen op 24th"]
[Site "Bad Woerishofen"]
[Date "2008.02.29"]
[Round "2"]
[White "Auschkalnis, Reinhard"]
[Black "Trebbin, Wolfhard"]
[Result "0-1"]
[WhiteElo "1685"]
[BlackElo "1906"]
[PlyCount "76"]
[EventDate "2008.02.28"]
[EventType "swiss"]
[EventRounds "9"]
[EventCountry "GER"]
[SourceTitle "EXT 2022"]
[Source "ChessBase"]
[SourceDate "2021.10.06"]
[SourceVersion "1"]
[SourceVersionDate "2021.10.06"]
[SourceQuality "1"]

1. d4 d5 2. Nf3 c6 3. g3 Nf6 4. Bg2 Nbd7 5. 0-0 e6 6. c4 Be7 7. Qc2 0-0 8. Nbd2 Re8 9. b3 b6 10. Bb2 Bb7 11. Rac1 Rc8 12. Qb1 c5 13. cxd5 exd5 14. Bh3 Rc7 15. e3 Bd6 16. Rfe1 Ne4 17. Nxe4 dxe4 18. Nd2 g6 19. Bg2 f5 20. Qa1 cxd4 21. Bxd4 Ne5 22. Rxc7 Bxc7 23. Bxe5 Bxe5 24. Qc1 b5 25. Bf1 Qa5 26. Rd1 Rc8 27. Qb1 Bc3 28. b4 Qxb4 29. Nb3 a5 30. Nd4 Qxb1 31. Rxb1 b4 32. Nb5 Bd5 33. a4 Be5 34. Na7 Rc3 35. Nb5 Rc2 36. Kg2 b3 37. Nd4 Bxd4 38. exd4 b2 0-1

[Event "Rhein Main op 10th"]
[Site "Bad Homburg"]
[Date "2007.06.07"]
[Round "2"]
[White "Auschkalnis, Reinhard"]
[Black "Mueller, Klaus2222"]
[Result "1-0"]
[WhiteElo "1916"]
[BlackElo "1482"]
[PlyCount "69"]
[EventDate "2007.06.06"]
[EventType "swiss"]
[EventRounds "7"]
[EventCountry "GER"]
[SourceTitle "EXT 2008"]
[Source "ChessBase"]
[SourceDate "2007.11.25"]
[SourceVersion "1"]
[SourceVersionDate "2007.11.25"]
[SourceQuality "1"]

1. e4 g6 2. d4 Bg7 3. Nc3 e6 4. Bc4 d6 5. Be3 h6 6. Qd2 Ne7 7. Bb3 b6 8. 0-0-0 Bb7 9. f3 Nd7 10. Nge2 g5 11. Ng3 Nf6 12. Ba4+ c6 13. h4 gxh4 14. Rxh4 h5 15. d5 exd5 16. exd5 b5 17. dxc6 Bxc6 18. Nxb5 Nfd5 19. c4 Nxe3 20. Nxd6+ Qxd6 21. Qxd6 Bxa4 22. Re4 0-0 23. Rxe3 Bxd1 24. Qxd1 Bh6 25. Qe2 h4 26. Nh5 Nf5 27. f4 Nxe3 28. Qxe3 Bg7 29. Nxg7 Kxg7 30. Qe5+ f6 31. Qh5 Rh8 32. Qg4+ Kf7 33. f5 Rag8 34. Qf3 Ra8 35. Qb7+ 1-0